First Vowel 'E' Countries Quiz Stats

Quiz Updated Jul 14, 2016

Challenge
Share
Tweet
Embed
Score 0/34 Timer 05:00
1 Play Today
Country % Correct
Egypt
80.9%
Germany
80.7%
Estonia
80.7%
Ethiopia
79.3%
Denmark
79.2%
Eritrea
78.7%
Belgium
77%
Ecuador
76%
Mexico
76%
New Zealand
71.1%
Peru
71%
Sweden
70.6%
Venezuela
68.2%
Belize
68%
Yemen
67.8%
Netherlands
67.6%
Greece
67.1%
Country % Correct
Belarus
66.8%
El Salvador
66.5%
Kenya
64.9%
Benin
64.7%
Senegal
60.5%
Lesotho
60%
Lebanon
59.2%
Nepal
57.7%
Serbia
56.9%
Czechia
56%
Democratic Republic of the Congo
55.9%
Equatorial Guinea
55.5%
Seychelles
49.4%
Central African Republic
48%
Republic of the Congo
47.3%
Georgia
44.1%
Grenada
42.4%

You're not logged in!

Compare scores with friends on all Sporcle quizzes.
Sign Up with Email
OR
Log In

You Might Also Like...

Show Comments

Extras

Top Quizzes Today


Score Distribution

Your Account Isn't Verified!

In order to create a playlist on Sporcle, you need to verify the email address you used during registration. Go to your Sporcle Settings to finish the process.